000 00313nam a22001337a 4500
008 181217b xxu||||| |||| 00| 0 eng d
020 _a9780986402364
041 _aeng
080 _a339.138
100 _a61
101 _amar
245 _aManaging Marketing Student Study Guide
_cCapon.N
942 _2udc
_cBK
999 _c53299
_d53299